| 000 | 00553nam a2200157Ia 4500 | ||
|---|---|---|---|
| 008 | 151213s9999 xx 000 0 und d | ||
| 082 |
_a340 _b340 |
||
| 100 | _aLate Obaidul Huq Choudhury , A Muntaquim Choudhury , & Shahabuddin Ahmed | ||
| 245 |
_aThe Dhaka Law Reports _cLate Obaidul Huq Choudhury , A Muntaquim Choudhury , & Shahabuddin Ahmed |
||
| 260 |
_aDhaka _bDhaka Law Reports _c1998 |
||
| 300 | _a6192 p. | ||
| 650 | _aLaw | ||
| 650 | _aLaw | ||
| 700 | _aLate Obaidul Huq Choudhury , A Muntaquim Choudhury , & Shahabuddin Ahmed | ||
| 999 |
_c3475 _d3475 |
||